000 00438nam a22001457a 4500
005 20180813160203.0
020 _a8183820395
_c125.00
035 _aB-218589, B-218588, B-218591
037 _aDPL
_bENG
100 _aUpadhyaya, Rajnikant
245 _aAwake Kundalini /
_cby Rajnikant Upadhyaya and Gopal Sharma
260 _aNew Delhi
_bLotus Press
_c2006
300 _av, 143p.
_c18 cms.
942 _2ddc
_cEN
_h181.45
_mUPA
999 _c64272
_d64272